[Event "Pfalz op 2nd"]
[Site "Neustadt an der Weinstrasse"]
[Date "2009.02.18"]
[Round "5"]
[White "Drozdovskij, Yuri"]
[Black "Podgaets, Mikhail"]
[Result "1-0"]
[WhiteElo "2607"]
[BlackElo "2465"]
[PlyCount "49"]
[EventDate "2009.02.15"]
[EventType "swiss"]
[EventRounds "9"]
[EventCountry "GER"]
[SourceTitle "CBM 128 Extra"]
[Source "ChessBase"]
[SourceDate "2009.03.05"]
[SourceVersion "2"]
[SourceVersionDate "2009.03.25"]
[SourceQuality "1"]

1. Nf3 Nf6 2. c4 e6 3. Nc3 d5 4. d4 Be7 5. Bf4 0-0 6. e3 Nbd7 7. a3 Nh5 8. Be5 c6 9. Bd3 g6 10. 0-0 Nxe5 11. Nxe5 Nf6 12. Qe2 c5 13. Rfd1 a6 14. Rac1 cxd4 15. exd4 dxc4 16. Bxc4 b5 17. Ba2 Bb7 18. d5 exd5 19. Nxd5 Bd6 20. Nxf6+ Qxf6 21. Ng4 Qe7 22. Qxe7 Bxe7 23. Rc7 Rad8 24. Rxd8 Rxd8 25. Ne3 1-0

[Event "Wch Seniors 18th"]
[Site "Bad Zwischenahn"]
[Date "2008.11.06"]
[Round "10"]
[White "Podgaets, Mikhail"]
[Black "Westerinen, Heikki MJ"]
[Result "1/2-1/2"]
[WhiteElo "2465"]
[BlackElo "2345"]
[PlyCount "83"]
[EventDate "2008.10.28"]
[EventType "swiss"]
[EventRounds "11"]
[EventCountry "GER"]
[SourceTitle "EXT 2009"]
[Source "ChessBase"]
[SourceDate "2008.11.26"]
[SourceVersion "1"]
[SourceVersionDate "2008.11.26"]
[SourceQuality "1"]

1. d4 e6 2. Nf3 Nf6 3. c4 d5 4. Nc3 c5 5. cxd5 Nxd5 6. e3 Nc6 7. Bd3 cxd4 8. exd4 Be7 9. 0-0 0-0 10. Re1 Bf6 11. Be4 Nce7 12. Ne5 Nf5 13. Ng4 Nxc3 14. Nxf6+ Qxf6 15. bxc3 Rd8 16. Bf4 Nd6 17. Bxh7+ Kxh7 18. Qh5+ Kg8 19. Bg5 Qf5 20. Re5 Qc2 21. Bxd8 Qxc3 22. Rd1 Bd7 23. Re3 Qc2 24. Rh3 f5 25. Bf6 Ne8 26. Be5 Rc8 27. Rf1 Rc3 28. Qh8+ Kf7 29. Bxg7 Rxh3 30. Qf8+ Kg6 31. Be5 Rh7 32. h4 Qe2 33. Rc1 Qg4 34. Rc3 Qd1+ 35. Kh2 Rxh4+ 36. Rh3 Rxh3+ 37. gxh3 Qf3 38. Qg8+ Kh6 39. Qh8+ Kg6 40. Qg8+ Kh6 41. Qh8+ Kg6 42. Qg8+ 1/2-1/2

[Event "Wch Seniors 18th"]
[Site "Bad Zwischenahn"]
[Date "2008.10.30"]
[Round "3"]
[White "Podgaets, Mikhail"]
[Black "Gruzmann, Boris"]
[Result "1/2-1/2"]
[WhiteElo "2465"]
[BlackElo "2254"]
[PlyCount "74"]
[EventDate "2008.10.28"]
[EventType "swiss"]
[EventRounds "11"]
[EventCountry "GER"]
[SourceTitle "EXT 2009"]
[Source "ChessBase"]
[SourceDate "2008.11.26"]
[SourceVersion "1"]
[SourceVersionDate "2008.11.26"]
[SourceQuality "1"]

1. d4 Nf6 2. Nf3 g6 3. g3 Bg7 4. c4 0-0 5. Bg2 d6 6. Nc3 Nc6 7. 0-0 a6 8. b3 Rb8 9. Nd5 b5 10. Nxf6+ Bxf6 11. Bh6 Re8 12. Rc1 bxc4 13. Rxc4 Na5 14. Rc1 Bf5 15. Qe1 Nb7 16. e4 Bd7 17. Qe3 c5 18. dxc5 Nxc5 19. Rfd1 Rc8 20. e5 Bh8 21. exd6 exd6 22. Qf4 Ne4 23. Ng5 Nxg5 24. Bxg5 Rxc1 25. Rxc1 Qa5 26. h4 Re1+ 27. Rxe1 Qxe1+ 28. Kh2 Be5 29. Qd2 Qxd2 30. Bxd2 Bd4 31. Kg1 Kf8 32. Bf1 Bb5 33. a4 Bxf1 34. Kxf1 Ke7 35. Ke2 Ke6 36. f3 Kd5 37. g4 h5 1/2-1/2

[Event "Wch Seniors 18th"]
[Site "Bad Zwischenahn"]
[Date "2008.10.29"]
[Round "2"]
[White "Batakovs, Olegs N"]
[Black "Podgaets, Mikhail"]
[Result "0-1"]
[WhiteElo "2192"]
[BlackElo "2465"]
[PlyCount "68"]
[EventDate "2008.10.28"]
[EventType "swiss"]
[EventRounds "11"]
[EventCountry "GER"]
[SourceTitle "EXT 2009"]
[Source "ChessBase"]
[SourceDate "2008.11.26"]
[SourceVersion "1"]
[SourceVersionDate "2008.11.26"]
[SourceQuality "1"]

1. e4 c6 2. d4 d5 3. exd5 cxd5 4. c4 Nf6 5. Nc3 e6 6. Nf3 Bb4 7. cxd5 Nxd5 8. Bd2 Nc6 9. Bb5 0-0 10. 0-0 Nde7 11. Ne4 Bxd2 12. Qxd2 b6 13. Rfd1 Bb7 14. Rac1 Nb4 15. Qxb4 Bxe4 16. Ne5 Ng6 17. Bc6 Bxc6 18. Nxg6 hxg6 19. Rxc6 Qd5 20. Qc4 Rfd8 21. Kf1 Qh5 22. Qe2 Qxh2 23. Qg4 Rac8 24. Rc3 Rxc3 25. bxc3 Qc7 26. Qf3 Qc4+ 27. Qd3 Qxa2 28. c4 Rc8 29. Rc1 b5 30. c5 b4 31. Qb5 Qd2 32. Qc4 b3 33. c6 b2 34. Re1 Qxe1+ 0-1

[Event "Geller Memorial op-A 3rd"]
[Site "Odessa"]
[Date "2007.09.12"]
[Round "5"]
[White "Podgaets, Mikhail"]
[Black "Solodovnichenko, Yuri"]
[Result "1/2-1/2"]
[WhiteElo "2460"]
[BlackElo "2582"]
[PlyCount "33"]
[EventDate "2007.09.08"]
[EventType "swiss"]
[EventRounds "9"]
[EventCountry "UKR"]
[SourceTitle "CBM 120 Extra"]
[Source "ChessBase"]
[SourceDate "2007.11.01"]
[SourceVersion "1"]
[SourceVersionDate "2007.11.01"]
[SourceQuality "1"]

1. d4 Nf6 2. Nf3 d5 3. c4 c6 4. Nc3 e6 5. e3 Nbd7 6. Bd3 dxc4 7. Bxc4 b5 8. Bd3 a6 9. e4 c5 10. d5 Qc7 11. 0-0 c4 12. Bc2 Bc5 13. b3 Ne5 14. Bf4 Nxf3+ 15. Qxf3 e5 16. Bg5 Bd4 17. Rac1 1/2-1/2

[Event "Geller Memorial op-A 3rd"]
[Site "Odessa"]
[Date "2007.09.08"]
[Round "1"]
[White "Podgaets, Mikhail"]
[Black "Kornilov, Peter"]
[Result "1-0"]
[WhiteElo "2460"]
[BlackElo "2148"]
[PlyCount "63"]
[EventDate "2007.09.08"]
[EventType "swiss"]
[EventRounds "9"]
[EventCountry "UKR"]
[SourceTitle "CBM 120 Extra"]
[Source "ChessBase"]
[SourceDate "2007.11.01"]
[SourceVersion "1"]
[SourceVersionDate "2007.11.01"]
[SourceQuality "1"]

1. d4 Nf6 2. Nf3 e6 3. c4 Bb4+ 4. Nbd2 Nc6 5. a3 Bxd2+ 6. Bxd2 Ne4 7. e3 0-0 8. Rc1 d6 9. b4 Ne7 10. Bd3 f5 11. Qc2 Nxd2 12. Qxd2 Ng6 13. c5 Bd7 14. Bc4 Kh8 15. 0-0 Nh4 16. Nxh4 Qxh4 17. f4 Rae8 18. b5 b6 19. Be2 Rc8 20. Qb4 dxc5 21. dxc5 e5 22. cxb6 axb6 23. Rxc7 Qd8 24. Rxc8 Bxc8 25. Rd1 Qe8 26. fxe5 g6 27. Qd6 Kg7 28. Bc4 f4 29. e6 Rf6 30. Qc7+ Kh6 31. Rd8 Rf7 32. Qd6 1-0

[Event "Geller Memorial op-A 2nd"]
[Site "Odessa"]
[Date "2006.09.26"]
[Round "9"]
[White "Tisevich, Roman"]
[Black "Podgaets, Mikhail"]
[Result "1-0"]
[WhiteElo "2415"]
[BlackElo "2472"]
[PlyCount "134"]
[EventDate "2006.09.19"]
[EventType "swiss"]
[EventRounds "9"]
[EventCountry "UKR"]
[SourceTitle "CBM 114 Extra"]
[Source "ChessBase"]
[SourceDate "2006.11.03"]
[SourceVersion "1"]
[SourceVersionDate "2006.11.03"]
[SourceQuality "1"]

1. e4 c6 2. d3 d5 3. Nd2 e5 4. Ngf3 Bd6 5. g3 Nf6 6. Bg2 0-0 7. 0-0 Nbd7 8. Re1 Re8 9. a3 a5 10. b3 Nf8 11. Bb2 Ng6 12. Qe2 Bd7 13. Qf1 Qc7 14. Rac1 dxe4 15. Nxe4 Nxe4 16. Rxe4 Bf5 17. Re2 Bg4 18. h3 Bxf3 19. Bxf3 Qe7 20. Ra1 Bc5 21. d4 Bxd4 22. Bxd4 Qf6 23. Bxc6 Qxc6 24. Bb2 a4 25. Rd1 e4 26. Qe1 Ne5 27. Qc3 Qg6 28. Kg2 axb3 29. Qxb3 Qh5 30. g4 Qg6 31. Bxe5 Rxe5 32. Qxb7 Rae8 33. Rd5 Qf6 34. Rxe5 Qxe5 35. c4 Qf4 36. Re3 h5 37. Qd7 Re5 38. c5 hxg4 39. hxg4 Re6 40. Qd8+ Kh7 41. Qh4+ Kg6 42. Qh5+ Kf6 43. Qd5 Qxg4+ 44. Rg3 Qf4 45. c6 Rd6 46. Qc4 Rd2 47. Qc3+ Ke6 48. Qb3+ Ke7 49. Qb6 Rc2 50. Qa7+ Ke6 51. Qd7+ Kf6 52. Qd8+ Ke6 53. Qb6 Ke7 54. Qb4+ Kf6 55. Qd4+ Ke6 56. Qb6 Ke7 57. a4 Qd6 58. Qb7+ Kf6 59. c7 Qc6 60. Qb4 Qc5 61. Qe1 Qf5 62. Rc3 e3 63. Rxe3 Qd5+ 64. Rf3+ Kg6 65. Qb1 Qc6 66. Qb3 Rc5 67. Qxf7+ Kh6 1-0

[Event "Geller Memorial"]
[Site "Odessa"]
[Date "2005.07.03"]
[Round "8"]
[White "Podgaets, Mikhail"]
[Black "Golubev, Mikhail"]
[Result "1/2-1/2"]
[WhiteElo "2487"]
[BlackElo "2517"]
[PlyCount "74"]
[EventDate "2005.07.01"]
[EventType "tourn (rapid)"]
[EventRounds "9"]
[EventCountry "UKR"]
[EventCategory "9"]
[SourceTitle "CBM 106 Extra"]
[Source "ChessBase"]
[SourceDate "2005.07.01"]
[SourceVersion "1"]
[SourceVersionDate "2005.07.01"]
[SourceQuality "1"]

1. e4 c5 2. Nf3 d6 3. Bb5+ Bd7 4. Bxd7+ Qxd7 5. 0-0 Nc6 6. c3 Nf6 7. Qe2 e6 8. d4 cxd4 9. cxd4 d5 10. e5 Ne4 11. Be3 Be7 12. Ne1 f6 13. f3 Ng5 14. Nd3 Nf7 15. Bf2 0-0 16. Nc3 fxe5 17. dxe5 Nh6 18. Rad1 b6 19. Qd2 Nf5 20. Ne2 Rac8 21. f4 h5 22. Ne1 Na5 23. b3 Nb7 24. Nd4 Nc5 25. Qe2 Ne4 26. Nxf5 exf5 27. Bd4 Bc5 28. Qxh5 Bxd4+ 29. Rxd4 Rc1 30. Nf3 Rxf1+ 31. Kxf1 Qb5+ 32. Kg1 Qe2 33. h3 Qf2+ 34. Kh2 Qg3+ 35. Kg1 Qf2+ 36. Kh2 Qg3+ 37. Kg1 Qf2+ 1/2-1/2

[Event "Geller Memorial"]
[Site "Odessa"]
[Date "2005.07.02"]
[Round "4"]
[White "Podgaets, Mikhail"]
[Black "Klinova, Masha"]
[Result "1-0"]
[WhiteElo "2487"]
[BlackElo "2391"]
[PlyCount "51"]
[EventDate "2005.07.01"]
[EventType "tourn (rapid)"]
[EventRounds "9"]
[EventCountry "UKR"]
[EventCategory "9"]
[SourceTitle "CBM 106 Extra"]
[Source "ChessBase"]
[SourceDate "2005.07.01"]
[SourceVersion "1"]
[SourceVersionDate "2005.07.01"]
[SourceQuality "1"]

1. d4 d6 2. Nf3 Nf6 3. g3 g6 4. Bg2 Bg7 5. 0-0 0-0 6. c4 Nc6 7. Nc3 Bf5 8. Ne1 e5 9. d5 Ne7 10. e4 Bd7 11. Nd3 Ne8 12. f4 f5 13. fxe5 dxe5 14. Qb3 b6 15. c5 Kh8 16. Bd2 bxc5 17. Nxc5 Nd6 18. Rad1 Rb8 19. Qc2 Nec8 20. Bc1 Nb6 21. b3 Qe7 22. a4 Rbd8 23. Nxd7 Nxd7 24. Ba3 a6 25. Na2 a5 26. Qxc7 1-0

[Event "Canarias en Red prel 4th"]
[Site "Playchess.com INT"]
[Date "2004.05.06"]
[Round "10"]
[White "Podgaets, Mikhail"]
[Black "Bjelajac, Milan"]
[Result "1-0"]
[WhiteElo "2487"]
[BlackElo "2370"]
[PlyCount "31"]
[EventDate "2004.05.06"]
[EventType "swiss (blitz)"]
[EventRounds "13"]
[EventCountry "GER"]
[SourceTitle "EXT 2005"]
[Source "ChessBase"]
[SourceDate "2004.11.15"]
[SourceVersion "1"]
[SourceVersionDate "2004.11.15"]
[SourceQuality "1"]

1. d4 f5 2. Nf3 Nf6 3. g3 g6 4. Bg2 Bg7 5. 0-0 0-0 6. c3 d6 7. Nbd2 Nc6 8. Qb3+ Kh8 9. Ng5 Qe8 10. Ne6 Bxe6 11. Qxe6 d5 12. Nb3 Rd8 13. Bf4 Rc8 14. Nc5 b6 15. Na6 Ng4 16. Nxc7 1-0

[Event "Canarias en Red prel 4th"]
[Site "Playchess.com INT"]
[Date "2004.05.06"]
[Round "13"]
[White "Podgaets, Mikhail"]
[Black "Rychagov, Andrey"]
[Result "1-0"]
[WhiteElo "2487"]
[BlackElo "2511"]
[PlyCount "103"]
[EventDate "2004.05.06"]
[EventType "swiss (blitz)"]
[EventRounds "13"]
[EventCountry "GER"]
[SourceTitle "EXT 2005"]
[Source "ChessBase"]
[SourceDate "2004.11.15"]
[SourceVersion "1"]
[SourceVersionDate "2004.11.15"]
[SourceQuality "1"]

1. d4 f5 2. Nf3 Nf6 3. g3 g6 4. Bg2 Bg7 5. 0-0 0-0 6. c3 Nc6 7. Nbd2 d6 8. Re1 e5 9. dxe5 dxe5 10. e4 Re8 11. Qb3+ Be6 12. Qxb7 Qd6 13. Ng5 f4 14. Nxe6 Qxe6 15. Qb3 Na5 16. Qxe6+ Rxe6 17. Bf1 Rc6 18. gxf4 exf4 19. e5 Nd5 20. Bg2 Rd8 21. Nb3 Nc4 22. Rd1 Ncb6 23. Na5 Re6 24. c4 f3 25. Bxf3 Rxe5 26. Nc6 Rf8 27. Nxe5 Nb4 28. Nxg6 Rxf3 29. Nh4 Rh3 30. Nf5 Be5 31. Be3 Nxc4 32. Bd4 Bxh2+ 33. Kg2 Rh5 34. Ng3 Bxg3 35. Kxg3 Rg5+ 36. Kf4 Rg6 37. Rg1 Nd5+ 38. Ke4 c6 39. Rxg6+ hxg6 40. Rc1 Na5 41. Rc5 Nb7 42. Rxc6 Nb4 43. Rxg6+ Kf7 44. Rg7+ Ke6 45. Rxb7 Nc6 46. Bc5 Kf6 47. b4 Ke6 48. b5 Na5 49. Rxa7 Nc4 50. b6 Nd6+ 51. Bxd6 Kxd6 52. Rc7 1-0

[Event "Canarias en Red prel 4th"]
[Site "Playchess.com INT"]
[Date "2004.05.06"]
[Round "5"]
[White "Sautto, Daniele"]
[Black "Podgaets, Mikhail"]
[Result "0-1"]
[WhiteElo "2114"]
[BlackElo "2487"]
[PlyCount "108"]
[EventDate "2004.05.06"]
[EventType "swiss (blitz)"]
[EventRounds "13"]
[EventCountry "GER"]
[SourceTitle "EXT 2005"]
[Source "ChessBase"]
[SourceDate "2004.11.15"]
[SourceVersion "1"]
[SourceVersionDate "2004.11.15"]
[SourceQuality "1"]

1. e4 c6 2. d4 d5 3. exd5 cxd5 4. c4 Nf6 5. Nc3 e6 6. Nf3 Bb4 7. c5 0-0 8. Bd3 b6 9. cxb6 axb6 10. 0-0 Ba6 11. Bg5 Be7 12. Re1 Nc6 13. Rc1 Bxd3 14. Qxd3 Nb4 15. Qb1 Qd6 16. Ne5 Rfc8 17. a3 Na6 18. Qd3 h6 19. Bf4 Qd8 20. h3 Nd7 21. Ng4 Bg5 22. Qf3 Nc7 23. g3 Ne8 24. h4 Bxf4 25. Qxf4 Nef6 26. Ne5 Nxe5 27. Rxe5 Rc4 28. Nb5 Rac8 29. Ree1 Ne4 30. f3 Rxc1 31. Rxc1 Rxc1+ 32. Qxc1 Nxg3 33. Qc6 Nf5 34. b4 Qxh4 35. Qe8+ Kh7 36. Qxf7 Qg3+ 37. Kf1 Qxf3+ 38. Kg1 Qg3+ 39. Kh1 Qe1+ 40. Kg2 Qe2+ 41. Kh3 Qxb5 42. Qxe6 Qd3+ 43. Kg4 Ne3+ 44. Kf4 Qxd4+ 45. Kf3 Nc4 46. Qf5+ g6 47. Qf7+ Qg7 48. Qxd5 Ne5+ 49. Ke4 Ng4 50. Qe6 Nf6+ 51. Kf3 b5 52. Qc6 Qf7 53. Qxb5 Qd5+ 54. Kf4 Qxb5 0-1

[Event "Canarias en Red prel 3rd"]
[Site "Playchess.com INT"]
[Date "2004.05.05"]
[Round "13"]
[White "Podgaets, Mikhail"]
[Black "Bjelajac, Milan"]
[Result "1-0"]
[WhiteElo "2487"]
[BlackElo "2370"]
[PlyCount "87"]
[EventDate "2004.05.05"]
[EventType "swiss (blitz)"]
[EventRounds "13"]
[EventCountry "GER"]
[SourceTitle "EXT 2005"]
[Source "ChessBase"]
[SourceDate "2004.11.15"]
[SourceVersion "1"]
[SourceVersionDate "2004.11.15"]
[SourceQuality "1"]

1. d4 f5 2. Nf3 Nf6 3. g3 g6 4. Bg2 Bg7 5. 0-0 0-0 6. c4 d6 7. Nc3 Nc6 8. d5 Na5 9. Nd2 c5 10. Rb1 e5 11. dxe6 Bxe6 12. Nd5 Nxd5 13. cxd5 Bd7 14. b4 cxb4 15. Rxb4 b6 16. Bb2 Bxb2 17. Rxb2 Qf6 18. Rb1 Rac8 19. Nf3 Rc4 20. e3 Rfc8 21. Nd4 R4c5 22. Qe2 Be8 23. Rfd1 Bf7 24. Nc6 Nxc6 25. dxc6 d5 26. Qa6 Rc7 27. Rd2 Qxc6 28. Rbd1 Qf6 29. h4 Kg7 30. Qe2 Rd7 31. Rd4 Ra5 32. g4 fxg4 33. Rxg4 Rc5 34. h5 Be6 35. Rf4 Qe5 36. hxg6 hxg6 37. Qf3 Rf7 38. Rxf7+ Bxf7 39. Qg4 Qf6 40. Rd4 a5 41. Rf4 Qa1+ 42. Kh2 d4 43. Qd7 Rh5+ 44. Bh3 1-0

[Event "Canarias en Red prel 3rd"]
[Site "Playchess.com INT"]
[Date "2004.05.05"]
[Round "10"]
[White "Podgaets, Mikhail"]
[Black "Perez, Jose"]
[Result "1-0"]
[WhiteElo "2487"]
[BlackElo "2203"]
[PlyCount "71"]
[EventDate "2004.05.05"]
[EventType "swiss (blitz)"]
[EventRounds "13"]
[EventCountry "GER"]
[SourceTitle "EXT 2005"]
[Source "ChessBase"]
[SourceDate "2004.11.15"]
[SourceVersion "1"]
[SourceVersionDate "2004.11.15"]
[SourceQuality "1"]

1. d4 Nf6 2. c4 g6 3. Nf3 Bg7 4. g3 c6 5. Bg2 d5 6. cxd5 cxd5 7. Nc3 0-0 8. Ne5 e6 9. 0-0 Nfd7 10. f4 Nc6 11. Be3 f6 12. Nf3 Nb6 13. b3 Bd7 14. Bf2 Rc8 15. Rc1 Qe7 16. e4 dxe4 17. Nxe4 Rfd8 18. Qe2 Nd5 19. Nc5 Re8 20. Nxb7 Rc7 21. Nc5 Bc8 22. Rfe1 Qd6 23. Nd2 Rce7 24. Nc4 Qc7 25. Nd3 Bb7 26. a3 Kh8 27. b4 Ba6 28. Nc5 Bc8 29. b5 Nb8 30. a4 Nd7 31. Qd2 Qd8 32. Nd6 Nxc5 33. dxc5 Rf8 34. Bxd5 exd5 35. Qxd5 Rxe1+ 36. Rxe1 1-0

[Event "Canarias en Red prel 2nd"]
[Site "Playchess.com INT"]
[Date "2004.05.04"]
[Round "4"]
[White "Podgaets, Mikhail"]
[Black "Koepke, Christian"]
[Result "1-0"]
[WhiteElo "2487"]
[BlackElo "2253"]
[PlyCount "43"]
[EventDate "2004.05.04"]
[EventType "swiss (blitz)"]
[EventRounds "13"]
[EventCountry "GER"]
[SourceTitle "EXT 2005"]
[Source "ChessBase"]
[SourceDate "2004.11.15"]
[SourceVersion "1"]
[SourceVersionDate "2004.11.15"]
[SourceQuality "1"]

1. d4 d5 2. c4 Nc6 3. e3 e5 4. cxd5 Qxd5 5. Nc3 Bb4 6. Bd2 Bxc3 7. Bxc3 exd4 8. Ne2 Nf6 9. Nxd4 0-0 10. f3 Re8 11. Kf2 Bf5 12. Qb3 Qe5 13. Re1 Nxd4 14. Bxd4 Qd6 15. Qxb7 c5 16. Bc3 Nd5 17. Rd1 Be6 18. e4 c4 19. Rxd5 Bxd5 20. Qxd5 Qb6+ 21. Qd4 Qb7 22. Qxg7# 1-0

[Event "Moscow Aeroflot op"]
[Site "Moscow"]
[Date "2002.02.09"]
[Round "7"]
[White "Ivanov, Alexander"]
[Black "Podgaets, Mikhail"]
[Result "1/2-1/2"]
[WhiteElo "2578"]
[BlackElo "2490"]
[PlyCount "41"]
[EventDate "2002.02.04"]
[EventType "swiss"]
[EventRounds "9"]
[EventCountry "RUS"]
[SourceTitle "CBM 088"]
[Source "ChessBase"]
[SourceDate "2002.03.21"]
[SourceVersion "1"]
[SourceVersionDate "2002.03.21"]
[SourceQuality "1"]

1. e4 c6 2. d4 d5 3. Nd2 dxe4 4. Nxe4 Nd7 5. Bc4 Ngf6 6. Ng5 e6 7. Qe2 Nb6 8. Bb3 h6 9. N5f3 c5 10. Be3 Qc7 11. Ne5 a6 12. Ngf3 Nbd5 13. Bd2 cxd4 14. Nxd4 Bc5 15. Ndf3 b5 16. c4 bxc4 17. Ba4+ Kf8 18. 0-0 Bb7 19. Rac1 Nb6 20. Ba5 Qe7 21. Bc6 1/2-1/2

[Event "Moscow Aeroflot op"]
[Site "Moscow"]
[Date "2002.02.08"]
[Round "6"]
[White "Podgaets, Mikhail"]
[Black "Lerner, Konstantin Z"]
[Result "1/2-1/2"]
[WhiteElo "2490"]
[BlackElo "2569"]
[PlyCount "51"]
[EventDate "2002.02.04"]
[EventType "swiss"]
[EventRounds "9"]
[EventCountry "RUS"]
[SourceTitle "CBM 088"]
[Source "ChessBase"]
[SourceDate "2002.03.21"]
[SourceVersion "1"]
[SourceVersionDate "2002.03.21"]
[SourceQuality "1"]

1. d4 g6 2. Nf3 Bg7 3. g3 d5 4. Bg2 Nf6 5. c4 dxc4 6. Na3 c3 7. bxc3 c5 8. 0-0 0-0 9. e3 Nc6 10. Qe2 Bf5 11. Rd1 Qa5 12. Bb2 Rfd8 13. Nd2 cxd4 14. cxd4 Bg4 15. f3 Be6 16. Nb3 Bxb3 17. axb3 Nd5 18. f4 Nc3 19. Bxc3 Qxc3 20. Nc4 Qb4 21. Bxc6 bxc6 22. Na5 Rac8 23. Qc4 Qb6 24. b4 Rc7 25. Rac1 Rdc8 26. Qb3 1/2-1/2

[Event "EU-ch 2nd"]
[Site "Ohrid"]
[Date "2001.06.09"]
[Round "8"]
[White "Rechlis, Gad"]
[Black "Podgaets, Mikhail"]
[Result "1/2-1/2"]
[WhiteElo "2525"]
[BlackElo "2477"]
[PlyCount "117"]
[EventDate "2001.06.01"]
[EventType "swiss"]
[EventRounds "13"]
[EventCountry "YUG"]
[SourceTitle "CBM 084"]
[Source "ChessBase"]
[SourceDate "2001.09.13"]
[SourceVersion "1"]
[SourceVersionDate "2001.09.13"]
[SourceQuality "1"]

1. e4 c6 2. Nc3 d5 3. Nf3 Bg4 4. h3 Bxf3 5. Qxf3 e6 6. d3 Nd7 7. g3 Ngf6 8. Bg2 Be7 9. 0-0 0-0 10. Qe2 dxe4 11. dxe4 e5 12. Nd1 Nc5 13. Ne3 g6 14. Nc4 Qc7 15. a4 Ne6 16. c3 a5 17. Kh2 Rfe8 18. Re1 h5 19. h4 Bf8 20. Kg1 Nc5 21. Qc2 Rad8 22. Bg5 Be7 23. Bh3 Kg7 24. Be3 Bf8 25. b4 axb4 26. cxb4 Nd3 27. Bb6 Nxe1 28. Rxe1 Qe7 29. Bxd8 Rxd8 30. Rb1 Rd4 31. Bg2 Qe6 32. Na5 b6 33. Nb3 Rxb4 34. Nd2 Rxb1+ 35. Qxb1 Bc5 36. Nb3 Qd6 37. Qc2 Bb4 38. Bf1 Ng4 39. Be2 Nf6 40. Kg2 Qe6 41. Bc4 Qd7 42. Be2 Qe6 43. Bc4 Qd6 44. Ba6 Be1 45. f3 Qa3 46. Nc1 c5 47. Bc4 Bc3 48. Nd3 Bd4 49. Ba2 Ne8 50. Qb3 Qxb3 51. Bxb3 Nd6 52. Bd5 f5 53. Ne1 Kf6 54. Nc2 f4 55. g4 Bc3 56. gxh5 gxh5 57. Na3 Be1 58. Kh3 Ke7 59. Nc4 1/2-1/2